<?xml version="1.0" encoding="UTF-8"?>
<collection xmlns="http://www.loc.gov/MARC21/slim">
  <record>
    <leader>00000nam  2200000   4500</leader>
    <controlfield tag="001">INLIS000000000018941</controlfield>
    <controlfield tag="005">20250117030701</controlfield>
    <datafield tag="035" ind1="#" ind2="#">
      <subfield code="a">0010-0125000085</subfield>
    </datafield>
    <controlfield tag="007">ta</controlfield>
    <controlfield tag="008">250117################g##########0#ind##</controlfield>
    <datafield tag="020" ind1="#" ind2="#">
      <subfield code="a">978-602-03-4191-0</subfield>
    </datafield>
    <datafield tag="082" ind1="#" ind2="#">
      <subfield code="a">297.246</subfield>
    </datafield>
    <datafield tag="084" ind1="#" ind2="#">
      <subfield code="a">297.246 KOM d</subfield>
    </datafield>
    <datafield tag="100" ind1=" " ind2="#">
      <subfield code="a">Komarudin Ibnu Mikam</subfield>
    </datafield>
    <datafield tag="245" ind1="1" ind2="#">
      <subfield code="a">25 Nabi dan Rasul dalam Al-Quran /</subfield>
      <subfield code="c">Komarudin Ibnu Mikam dan Herlinda Novita Rahayu</subfield>
    </datafield>
    <datafield tag="260" ind1="#" ind2="#">
      <subfield code="a">Jakarta :</subfield>
      <subfield code="b">Gramedia Pustaka Utama,</subfield>
      <subfield code="c">-</subfield>
    </datafield>
    <datafield tag="300" ind1="#" ind2="#">
      <subfield code=";"/>
      <subfield code="c">8.6 MB</subfield>
    </datafield>
    <datafield tag="650" ind1="#" ind2="4">
      <subfield code="a">Nabi dan Rosul</subfield>
    </datafield>
    <datafield tag="856" ind1="#" ind2="#">
      <subfield code="a">https://web-ipustakalan.moco.co.id/book/1f54004f-3246-4a5a-b8b6-a545b1d036f0</subfield>
    </datafield>
    <datafield tag="520" ind1="#" ind2="#">
      <subfield code="a">Para nabi dan rasul adalah orang terpilih utusan Allah. Masing-masing dari mereka memiliki tugas dan keistimewaan tersendiri. Nabi Adam as., misalnya, diciptakan sebagai manusia pertama. Nabi Idris as. diberi kesempatan melihat surga dan neraka. Nabi Nuh as. berdakwah selama 950 tahun, sementara Nabi Ibrahim as. dan putranya---Nabi Ismail as.---diberi amanah untuk membangun Kakbah. Ada juga Nabi Ayub as. yang diberi cobaan berupa penyakit, sementara putranya---Nabi Zulkifli as.---sukses menangkal godaan setan.&#13;
&#13;
Resapi ketangguhan iman Nabi Musa as. dan ketulusan Nabi Muhammad saw., nabi akhir zaman junjungan kita. Selain itu, ikuti pula kisah menakjubkan dari&#13;
&#13;
+ Nabi Hud as. + Nabi Daud as.&#13;
+ Nabi Shalih as. + Nabi Sulaiman as.&#13;
+ Nabi Luth as. + Nabi Ilyas as.&#13;
+ Nabi Ishaq as. + Nabi Ilyasa as.&#13;
+ Nabi Yaqub as. + Nabi Yunus as.&#13;
+ Nabi Yusuf as. + Nabi Zakaria as.&#13;
+ Nabi Syuaib as. + Nabi Yahya as.&#13;
+ Nabi Harun as. + Nabi Isa Almasih as.</subfield>
    </datafield>
    <datafield tag="990" ind1="#" ind2="#">
      <subfield code="a">2024/4/A/0007</subfield>
    </datafield>
    <datafield tag="990" ind1="#" ind2="#">
      <subfield code="a">2024/4/A/0008</subfield>
    </datafield>
  </record>
</collection>
